|
|
|
|
| LEADER |
00000nam0a2200000 4500 |
| 001 |
93113 |
| 005 |
20231031105035.0 |
| 035 |
|
|
|a (RuTPU)RU\TPU\book\99721
|
| 090 |
|
|
|a 93113
|
| 100 |
|
|
|a 20060324d1966 m y0rusy50 ca
|
| 101 |
0 |
|
|a rus
|
| 102 |
|
|
|a RU
|
| 105 |
|
|
|a a j 001zy
|
| 200 |
1 |
|
|a Бурение твёрдых горных пород
|e учебное пособие для вузов
|f И. А. Остроушко
|
| 210 |
|
|
|a Москва
|c Недра
|d 1966
|
| 215 |
|
|
|a 291 с.
|c ил.
|
| 320 |
|
|
|a Библиогр.: с. 288-289.
|
| 610 |
1 |
|
|a горное дело
|
| 610 |
1 |
|
|a бурение
|
| 610 |
1 |
|
|a горные породы
|
| 610 |
1 |
|
|a разрушение
|
| 610 |
1 |
|
|a шпуры
|
| 610 |
1 |
|
|a скважины
|
| 610 |
1 |
|
|a ударное бурение
|
| 610 |
1 |
|
|a вращательное бурение
|
| 610 |
1 |
|
|a учебные пособия
|
| 675 |
|
|
|a 622.24(075.8)
|v 3
|
| 675 |
|
|
|a 622.21(075.8)
|v 3
|
| 700 |
|
1 |
|a Остроушко
|b И. А.
|g Иван Антонович
|
| 801 |
|
1 |
|a RU
|b 63413507
|c 20060324
|g PSBO
|
| 801 |
|
2 |
|a RU
|b 63413507
|c 20071227
|g PSBO
|
| 942 |
|
|
|c BK
|